| 000 | 00502nam a2200181Ia 4500 | ||
|---|---|---|---|
| 008 | 090123s9999 xx 000 0 und d | ||
| 082 |
_b34319 _a891.463/किनरे |
||
| 100 | _aकिनरे जयंत | ||
| 245 | _aअस्त | ||
| 250 | _a1 | ||
| 260 |
_bमधुश्री प्रकाशन _c2002 |
||
| 300 | _a224 | ||
| 600 | _aकिनरे जयंत | ||
| 630 | _aअस्त | ||
| 700 | _aकिनरे जयंत | ||
| 730 | _aअस्त | ||
| 942 | _cBOOK | ||
| 999 |
_c72358 _d72358 |
||